000 00747nam a2200265Ia 4500
001 16428
003 GE_BSU
008 181216s||||||||xx |||||||||||||| ||und||
020 _a9783191014247
040 _cGE_BSU
080 _a811.112+379.85
100 _aAnja Schuman,Cordula Schurig,Brigitte Schaefer,Frauke van der Werff Frauke van der Werff
245 _aMenschen im Beruf - Tourismus A1
245 _bDeutsch als Fremdsprache
260 _aGermany
260 _bHueber Verlag
260 _c2015
300 _a80p;ill,28cm
300 _bA1+mit Audio-CD
541 _h63gel.
653 _aMenschen im Beruf - Tourismus A1
653 _aგერმანული ენა
653 _aტურიზმი
942 _cBK
999 _c49501
_d49501